E Commerce (Record no. 60701)
[ view plain ]
| 000 -LEADER | |
|---|---|
| fixed length control field | 00476nam a22001937a 4500 |
| 005 - DATE & TIME | |
| control field | 20260423131426.0 |
| 008 - FIXED-LENGTH DATA ELEMENTS--GENERAL INFORMATION | |
| fixed length control field | 260423b |||||||| |||| 00| 0 eng d |
| 020 ## - ISBN | |
| International Standard Book Number | 9789391818920 |
| Price | 695.00 |
| 040 ## - CATALOGING SOURCE | |
| Original cataloging agency | Doon University |
| 041 ## - Language | |
| Language | English |
| 082 ## - DDC NUMBER | |
| Classification number | 658.84 |
| Book Number | JOS |
| 100 ## - MAIN ENTRY--PERSONAL NAME | |
| Personal name | Joseph, P.T. |
| 245 ## - TITLE STATEMENT | |
| Title | E Commerce |
| Sub Title | : An Indian Perspective |
| 250 ## - EDITION STATEMENT | |
| Edition statement | 7th |
| 260 ## - PUBLICATION, DISTRIBUTION, ETC. (IMPRINT) | |
| Place of publication, distribution, etc | New Delhi |
| Name of publisher, distributor, etc | PHI |
| Date of publication, distribution, etc | 2025 |
| 300 ## - PHYSICAL DESCRIPTION | |
| Pages | 519 |
| 650 ## - Subject | |
| Subject | Commerce (PM USHA) |
| 942 ## - ADDED ENTRY ELEMENTS (KOHA) | |
| Koha item type | Books |
| 100 ## - MAIN ENTRY--PERSONAL NAME | |
| -- | 3873 |
| 650 ## - Subject | |
| -- | 26705 |
| 952 ## - LOCATION AND ITEM INFORMATION (KOHA) | |
| -- | 2026-04-23 |
| 952 ## - LOCATION AND ITEM INFORMATION (KOHA) | |
| -- | 2026-04-23 |
| 952 ## - LOCATION AND ITEM INFORMATION (KOHA) | |
| -- | 2026-04-23 |
| 952 ## - LOCATION AND ITEM INFORMATION (KOHA) | |
| -- | 2026-04-23 |
| 952 ## - LOCATION AND ITEM INFORMATION (KOHA) | |
| -- | 2026-04-23 |
| 952 ## - LOCATION AND ITEM INFORMATION (KOHA) | |
| -- | 2026-04-23 |
| 952 ## - LOCATION AND ITEM INFORMATION (KOHA) | |
| -- | 2026-04-23 |
| 952 ## - LOCATION AND ITEM INFORMATION (KOHA) | |
| -- | 2026-04-23 |
| 952 ## - LOCATION AND ITEM INFORMATION (KOHA) | |
| -- | 2026-04-23 |
| 952 ## - LOCATION AND ITEM INFORMATION (KOHA) | |
| -- | 2026-04-23 |
| 952 ## - LOCATION AND ITEM INFORMATION (KOHA) | |
| -- | 2026-06-04 |
| 952 ## - LOCATION AND ITEM INFORMATION (KOHA) | |
| -- | 2026-06-04 |
| 952 ## - LOCATION AND ITEM INFORMATION (KOHA) | |
| -- | 2026-06-04 |
| 952 ## - LOCATION AND ITEM INFORMATION (KOHA) | |
| -- | 2026-06-04 |
| Withdrawn status | Lost status | Source of classification or shelving scheme | Damaged status | Not for loan | Location (home branch) | Sublocation or collection (holding branch) | Date acquired | Koha full call number | Accession No. | Koha date last seen | Koha item type | Koha issues (times borrowed) |
|---|---|---|---|---|---|---|---|---|---|---|---|---|
| Not For Loan | Doon University | Doon University | 23.04.2026 | 658.84 JOS | 32922 | 23.04.2026 | Reference | |||||
| Doon University | Doon University | 23.04.2026 | 658.84 JOS | 32923 | 23.04.2026 | Books | ||||||
| Doon University | Doon University | 23.04.2026 | 658.84 JOS | 32924 | 23.04.2026 | Books | ||||||
| Doon University | Doon University | 23.04.2026 | 658.84 JOS | 32925 | 23.04.2026 | Books | ||||||
| Doon University | Doon University | 23.04.2026 | 658.84 JOS | 32926 | 23.04.2026 | Books | ||||||
| Doon University | Doon University | 23.04.2026 | 658.84 JOS | 32927 | 23.04.2026 | Books | ||||||
| Doon University | Doon University | 23.04.2026 | 658.84 JOS | 32928 | 23.04.2026 | Books | ||||||
| Doon University | Doon University | 23.04.2026 | 658.84 JOS | 32929 | 23.04.2026 | Books | ||||||
| Doon University | Doon University | 23.04.2026 | 658.84 JOS | 32930 | 23.04.2026 | Books | ||||||
| Doon University | Doon University | 23.04.2026 | 658.84 JOS | 32931 | 23.04.2026 | Books | ||||||
| Doon University | Doon University | 04.06.2026 | 658.84 JOS | 34400 | 04.06.2026 | Books | ||||||
| Doon University | Doon University | 04.06.2026 | 658.84 JOS | 34401 | 04.06.2026 | Books | ||||||
| Doon University | Doon University | 04.06.2026 | 658.84 JOS | 34402 | 04.06.2026 | Books | ||||||
| Doon University | Doon University | 04.06.2026 | 658.84 JOS | 34403 | 04.06.2026 | Books |